Hudba, spev, tanec, krása a pohoda

Bibliographic Details
Format: Article
Language:Slovak
PhysicalDescription:Fotogr.
ISSN:0139-5769
Subjects:

MARC

LEADER 00000nab a2200000 a 4500
001 vtls000796034
003 SK-MaSNL
005 20260304233753.0
008 140302c2002 xo 0 slo
015 |a SNBRB2002/05-16877 
035 |a CLN000147689 
040 |a SNKBUCL  |b slo  |c SNKBUCL  |e AACR2 
041 0 |a slo 
044 |a xo  |c SK 
080 |a 78.091.4:784.66  |2 1997 
080 |a 784.66  |2 1997 
245 0 0 |a Hudba, spev, tanec, krása a pohoda 
300 |b Fotogr. 
611 1 7 |a Senický kľúčik  |n (7. :  |d 2002 :  |c Senica, Slovensko)  |2 snkbucl  |9 1569800 
650 0 7 |a folk  |2 snkbucl  |9 3443 
650 0 7 |a country (hudba)  |2 snkbucl  |9 67799 
651 7 |a Senica (Slovensko)  |2 snkbucl  |9 25102 
655 7 |a články z novín a časopisov  |2 snkbucl  |9 267496 
773 0 |t Učiteľské noviny  |g Roč. 52, č. 20 (2002), s. 6  |x 0139-5769 
850 |a Slovenská národná knižnica v Martine 
852 |a SNK  |b KIS3GCP 
992 |a RBX 
999 |c 3200167  |d 3202097